000 00345 a2200133 4500
005 20250625122057.0
020 _a0-07-289302-8
082 _a519.5 ACZ
100 _aACZEL, A. D.
245 _aComplete Business Statistic
260 _aNew York,
_bMcGraw Hill,
_c1999.
300 _axxii, 905p.; ill.; figure, table
_bIndex
_c25cm
942 _2ddc
_cBKS
999 _c5042
_d5042